000 00397nam a2200169Ia 4500
003 GCL
008 140319s9999 xx 000 0 eng d
040 _aGCL /
_cGCL
082 0 4 _aCC
_b962.016
_bR C
100 1 _aRAYMOND, ANDRE'
245 1 0 _aLE CAIRE /
_cRAYMOND, ANDRE'
260 _a[S.N] :
_bFAYARD ،
_c1993
300 _a428 P
650 0 4 _aEGYPT
650 0 4 _aHISTORY
942 _2ddc
_cBK
999 _c23164
_d23164